000 01104nam a2200337 i 4500
001 192805
003 SpMaBN
005 20240313062953.0
008 230529s1993 sp | |||| ||spa
016 7 _abimoBNE19930745859
_2SpMaBN
017 _aB 20383-1993
_bOficina Depósito Legal Barcelona
020 _a8432913200
035 _a(OCoLC)435377979
040 _aSpMaBN
_bspa
_cSpMaBN
_erda
_dES-MaACL
080 _a613.24
100 1 _aViet, Gérard,
_9226447
_eaut
245 1 0 _aCómo adelgazar sin hambre y sin frustración /
_cDr. Gérard Viet
250 _a1ª edición: junio 1993
260 _aBarcelona :
_bCEAC,
_c1993
300 _a352 páginas ;
_c23 cm
490 1 _aCúpula/salud
500 _aÍndice
500 _aAnexos: Tablas de metabolismo basal ; Tablas de regímenes
650 7 _aDietas de adelgazamiento
_9166046
830 _9226448
_aCúpula/salud
852 _aES-MaACL
_bR.152367
_cDEPOJ
_hDonación: Editorial
_jN-8426
_9200106
942 _cMONOGRAFIA
_n0
999 _c192805
_d192805